000 01396nam a2200253Ia 4500
003 Ost
005 20260507075100.0
008 260507s9999||||xx |||||||||||||| ||und||
020 _a7097328977
040 _cfsecg
041 _aara
082 _a387.5
100 _aحسن، سوزان علي
_eمؤلف
245 0 _aعقد نقل البضائع بالحاويات :
_bالنقل أحادي الواسطة والنقل الدولي متعدد الوسائط /
_c سوزان علي حسن
260 _aالآسكندرية:
_bدار الجامعة الجديدة,
_c2004
300 _a319 صفحة؛
_c24 سم
490 _aالمكتبة القانونية
504 _aقائمة الاختصارات ص.307
520 _aمفهوم الحاوية واستخداماتها،تعريف الحاوية وأنواعها،استخدام ومعوقات استخدام الحاويات،الأحكام العمة لعقد نقل البضائع بالحاويات،الأحكام العمة لعقد النقل في النقل أحادي الواسطة،عقد النقل الدولي متعدد الوسائط بالحاويات،جزاء الإخلال بعقد نقل البضائع بالحاويات،دعوى المسؤولية،التعويض
653 _aالتجارة البحرية
653 _aالحاويات
653 _aالنقل البحري
942 _cكتاب
999 _c42778
_d42778